|
|
|
|
| LEADER |
02730nam a22003973i 4500 |
| 001 |
EBC7245641 |
| 003 |
MiAaPQ |
| 005 |
20231204023229.0 |
| 006 |
m o d | |
| 007 |
cr cnu|||||||| |
| 008 |
231204s2016 xx o ||||0 eng d |
| 020 |
|
|
|a 9781317247401
|q (electronic bk.)
|
| 020 |
|
|
|z 9781138777125
|
| 035 |
|
|
|a (MiAaPQ)EBC7245641
|
| 035 |
|
|
|a (Au-PeEL)EBL7245641
|
| 035 |
|
|
|a (OCoLC)1378391343
|
| 040 |
|
|
|a MiAaPQ
|b eng
|e rda
|e pn
|c MiAaPQ
|d MiAaPQ
|
| 082 |
0 |
|
|a 302.23/43
|
| 100 |
1 |
|
|a Faulkner, Sally.
|
| 245 |
1 |
0 |
|a Middlebrow Cinema.
|
| 250 |
|
|
|a 1st ed.
|
| 264 |
|
1 |
|a Milton :
|b Taylor & Francis Group,
|c 2016.
|
| 264 |
|
4 |
|c Ã2016.
|
| 300 |
|
|
|a 1 online resource (239 pages)
|
| 336 |
|
|
|a text
|b txt
|2 rdacontent
|
| 337 |
|
|
|a computer
|b c
|2 rdamedia
|
| 338 |
|
|
|a online resource
|b cr
|2 rdacarrier
|
| 490 |
1 |
|
|a Remapping World Cinema Series
|
| 505 |
0 |
|
|a Cover -- Half Title -- Series Page -- Title Page -- Copyright Page -- Contents -- List of figures -- List of tables -- Acknowledgements -- Textual note -- List of contributors -- Introduction. Approaching the middlebrow: audience -- text -- institution -- Part I Mapping middlebrow -- 1 Hollywood middlebrow: a dialectical approach to 1940s cinema -- 2 Middlebrow taste: towards a new middle class - a certain tendency of 1950s French cinema -- 3 Mumbai middlebrow: ways of thinking about the middle ground in Hindi cinema -- Part II Case studies -- 4 Time and the middlebrow in 1940s British cinema -- 5 Rehearsing for democracy in dictatorship Spain: middlebrow period drama 1970-77 -- 6 The Mexican romantic sex comedy: the emergence of Mexican middlebrow filmmaking in the 1990s -- 7 Wealth and justice: contemporary Chinese middlebrow cinema -- 8 Counter-heritage, middlebrow and the fiction patrimoniale: reframing 'middleness' in the contemporary French historical film -- 9 Radical politics, middlebrow cinema: Salvador (Puig Antich) and the search for a new consensus -- Part III Middlebrow across borders -- 10 'Kings of the Middle Way': continental cinema on British screens -- 11 Hypotheses on the queer middlebrow -- Index.
|
| 588 |
|
|
|a Description based on publisher supplied metadata and other sources.
|
| 590 |
|
|
|a Electronic reproduction. Ann Arbor, Michigan : ProQuest Ebook Central, 2023. Available via World Wide Web. Access may be limited to ProQuest Ebook Central affiliated libraries.
|
| 655 |
|
4 |
|a Electronic books.
|
| 776 |
0 |
8 |
|i Print version:
|a Faulkner, Sally
|t Middlebrow Cinema
|d Milton : Taylor & Francis Group,c2016
|z 9781138777125
|
| 797 |
2 |
|
|a ProQuest (Firm)
|
| 830 |
|
0 |
|a Remapping World Cinema Series
|
| 856 |
4 |
0 |
|u https://ebookcentral.proquest.com/lib/matrademy/detail.action?docID=7245641
|z Click to View
|